000 00173nam a2200073Ia 4500
008 170817s9999 xx 000 0 und d
100 _aAGGARWAL J.C.
245 0 _aMODERN INDIAN EDUCATION
260 _bSHIPARA
999 _c37357
_d37357